| 000 | 01039nac a22003017a 4500 | ||
|---|---|---|---|
| 001 | BR0300631 | ||
| 003 | BR-BrBNA | ||
| 005 | 20240105122734.0 | ||
| 008 | 230509b bl.|||m| |||| 00| 0 por d | ||
| 040 |
_aBR-BrBNA _bpor _cBiblioteca Nacional de Agricultura |
||
| 072 | _aC10; E51 | ||
| 090 | _aC10 BR0300631 | ||
| 100 | 1 | _aCastro, J.A. de | |
| 100 | 1 | _aDuarte, B. de C. | |
| 110 | 1 |
_aInstituto de Pesquisa Econômica Aplicada, Rio de Janeiro, RJ (Brasil) _96126 |
|
| 245 | 1 | _aPanorama da educação nos estados que compõem a Amazônia legal | |
| 260 | 3 |
_aRio de Janeiro, JR (Brasil): _c2002. |
|
| 300 | _a68 p. | ||
| 490 |
_aTexto para Discussão - Instituto de Pesquisa Econômica Aplicada (Brazil) _vno. 872 _xISSN 1415-4765 |
||
| 500 | _aSummaries (En, Pt); 19 ref.; 18 tables; 144 graphs | ||
| 650 | _aEDUCAÇÃO | ||
| 650 | _aDADOS ESTATÍSTICOS | ||
| 650 | _aPOPULAÇÃO RURAL | ||
| 650 | _aPOPULAÇÃO URBANA | ||
| 650 | _aAMAZÔNIA | ||
| 909 |
_a202312 _bLúcia Elande _c55 _dLúcia Elande |
||
| 942 |
_2AGRIS _n0 _cMS |
||
| 999 |
_c292589 _d292589 |
||